Identifikácia dynamických parametrov oceľovej mostnej konštrukcie

Guardado en:
Detalles Bibliográficos
Autor principal: Ledecký, Juraj (Autor)
Otros Autores: Venglár, Michal (Orientador)
Formato: Manuscrito Libro
Lenguaje:eslovaco
Publicado: 2021
Materias:
Acceso en línea:http://is.stuba.sk/zp/portal_zp.pl?podrobnosti=165910
https://opac.crzp.sk/?fn=detailBiblioForm&sid=1D055279E2D1258CBA782F1E7F1A
Etiquetas: Agregar Etiqueta
Sin Etiquetas, Sea el primero en etiquetar este registro!

MARC

LEADER 00000ntm a22000003a 4500
001 stuzp84853
003 SK-STU
005 20230515093653.3
007 ta
008 150427s2015----xo-----f-mn---000-0-slo-d
040 |a STU  |b slo 
041 0 |a slo 
100 1 |a Ledecký, Juraj  |u 010250  |4 aut  |U SvF Stavebná fakulta  |T SvF Katedra stavebnej mechaniky  |X 75733  |U V250  |Y 26  |7 75733 
242 0 1 |a Identification of dynamic parameters of a steel bridge structure  |y eng 
245 1 0 |a Identifikácia dynamických parametrov oceľovej mostnej konštrukcie 
260 |c 2021 
650 4 |a modálna analýza  |2 slo 
650 4 |a MKP model  |2 slo 
650 4 |a dynamické vlastnosti  |2 slo 
650 4 |a vlastné tvary a frekvencie  |2 slo 
650 4 |a modal analysis  |2 eng 
650 4 |a natural frequencies  |2 eng 
650 4 |a mode-shapes  |2 eng 
650 4 |a FEM model  |2 eng 
650 4 |a dynamic properties  |2 eng 
700 1 |a Venglár, Michal  |u 010250  |k Z1  |4 ths  |U SvF Stavebná fakulta  |T SvF Katedra stavebnej mechaniky  |X 66934  |U V250  |Y 26  |7 A000066934 
856 4 |u http://is.stuba.sk/zp/portal_zp.pl?podrobnosti=165910 
856 4 |u https://opac.crzp.sk/?fn=detailBiblioForm&sid=1D055279E2D1258CBA782F1E7F1A